=LDR 00000nam 2200000 4500 =001 INLIS000000000017464 =005 20130612112653 =008 ***********************************Ind** =035 ##$$0010-061300000017464 =041 ##$$a Ind =082 ##$$a 771.3 =090 ##$$a 771.3, Mcg b =100 ##$$a McGovern, Thomas =245 ##$$a Belajar sendiri fotografi hitam putih dalam 24 jam, Thomas McGovern ; penerjemah, Eko Armunanto =260 ##$$a 2003 $b Yogyakarta =300 ##$$a xviii, 450 hlm, ilus, 23 cm =650 ##$$a Kamera =700 ##$$a Armunanto, Eko =850 ##$$a NBPNMAT